<?xml version="1.0" encoding="UTF-8"?><?xml-stylesheet type="text/xsl" href="static/style.xsl"?><OAI-PMH xmlns="http://www.openarchives.org/OAI/2.0/" xmlns:xsi="http://www.w3.org/2001/XMLSchema-instance" xsi:schemaLocation="http://www.openarchives.org/OAI/2.0/ http://www.openarchives.org/OAI/2.0/OAI-PMH.xsd"><responseDate>2026-04-13T05:50:32Z</responseDate><request verb="GetRecord" identifier="oai:www.recercat.cat:10256/10583" metadataPrefix="marc">https://recercat.cat/oai/request</request><GetRecord><record><header><identifier>oai:recercat.cat:10256/10583</identifier><datestamp>2024-05-22T11:05:23Z</datestamp><setSpec>com_2072_452966</setSpec><setSpec>com_2072_2054</setSpec><setSpec>col_2072_452968</setSpec></header><metadata><record xmlns="http://www.loc.gov/MARC21/slim" xmlns:dcterms="http://purl.org/dc/terms/" xmlns:xsi="http://www.w3.org/2001/XMLSchema-instance" xmlns:doc="http://www.lyncode.com/xoai" xsi:schemaLocation="http://www.loc.gov/MARC21/slim http://www.loc.gov/standards/marcxml/schema/MARC21slim.xsd">
   <leader>00925njm 22002777a 4500</leader>
   <datafield ind2=" " ind1=" " tag="042">
      <subfield code="a">dc</subfield>
   </datafield>
   <datafield ind2=" " ind1=" " tag="720">
      <subfield code="a">Casado Espejo, Melissa</subfield>
      <subfield code="e">author</subfield>
   </datafield>
   <datafield ind2=" " ind1=" " tag="260">
      <subfield code="c">2014-06</subfield>
   </datafield>
   <datafield ind2=" " ind1=" " tag="520">
      <subfield code="a">El present treball aporta dades recents sobre recerques i estudis en Intel·ligència Emocional (IE) i mindfulness en l’àmbit educatiu, sobretot pel que fa a la importància de la pròpia formació del professorat i als beneficis que la pràctica meditativa por aportar-los com a docents en el seu àmbit de treball i a la seva vida personal en particular. Per tal d’aprofundir en el tema i d’introduir-lo en la perspectiva formativa d’educació actual, s’ha fet una enquesta als estudiants de 3er i 4rt de Grau de Mestre/a en Educació Primària de la Universitat de Girona i els seus respectius professors, per a conèixer els seus coneixements i opinions sobre la IE i el mindfulness. Els resultats són realment profitosos i se’n poden extreure conclusions que podrien millorar la qualitat formativa dels actuals i futurs professors, donant una nova perspectiva sobre com es tracta la IE tant a les escoles com a la pròpia Universitat</subfield>
   </datafield>
   <datafield ind2=" " ind1=" " tag="520">
      <subfield code="a">This study provides recent data on research and studies of Emotional Intelligence (EI) and mindfulness in education, especially with regard to the importance of teacher’s training and the benefits that the meditative practice by providing them as teachers in their work and in their life in particular. In order to delve deeper into the topic and introduce it into the current education, has done a survey with students of 3rd and 4th Grade of Teacher in Elementary Education at the University of Girona (UdG) and their respective teachers, to know their knowledge and opinions about the IE and mindfulness. The results are really useful and can extract conclusions that could improve the quality of training of current and future teachers, giving a new perspective on how it deals with the IE both in schools and in the University</subfield>
   </datafield>
   <datafield ind1="8" ind2=" " tag="024">
      <subfield code="a">http://hdl.handle.net/10256/10583</subfield>
   </datafield>
   <datafield tag="653" ind2=" " ind1=" ">
      <subfield code="a">Mestres -- Psicologia</subfield>
   </datafield>
   <datafield tag="653" ind2=" " ind1=" ">
      <subfield code="a">Meditació</subfield>
   </datafield>
   <datafield tag="653" ind2=" " ind1=" ">
      <subfield code="a">Intel·ligència emocional</subfield>
   </datafield>
   <datafield tag="653" ind2=" " ind1=" ">
      <subfield code="a">Elementary school teachers -- Psychology</subfield>
   </datafield>
   <datafield tag="653" ind2=" " ind1=" ">
      <subfield code="a">Meditation</subfield>
   </datafield>
   <datafield tag="653" ind2=" " ind1=" ">
      <subfield code="a">Emotional intelligence</subfield>
   </datafield>
   <datafield ind2="0" ind1="0" tag="245">
      <subfield code="a">Importància de la intel·ligència emocional en els professors d’escola i el seu desenvolupament i millora a través de la pràctica de la meditació: mindfulness</subfield>
   </datafield>
</record></metadata></record></GetRecord></OAI-PMH>